1378 1138 1598 1871 1460 1681 1654 1904 1717 1756 1956 1315 1506 1619 1789 1082 1003 1785 1758 1567 1977 1037 1413 1436 1442 1785 1822 1862 1391 1378 1285 1348 1681 1890 1788 1656 1704 1394 1636 1246 1021 1476 1131 1170 1818 1703 1009 1391 1182 1129 1738 1734 1479 1559 1958 1193 1836 1822 1006 1490 1541 1927 1244 1240 1599 1397 1154 1779 1258 1750 1143 1193 1612 1947 1007 1442 1630 1097 1687 1300 1707 1623 1827 1496 1740 1300 1187 1862 1508 1418 1243 1063 1228 1747 1499 1200 1743 1067 1224 BCNSPRNW ULIB Ver.6.0+V

เปลี่ยนเป็นภาษาไทย

Change to English
 แสดงรายละเอียดบรรณานุกรม
  กลับหน้าหลัก

Brief Record : Get Marc (ISO 2709) : E-mail record : QR code < ปิดหน้าต่าง
LEADER : 00000nam 2200000uu 4500
001    13399114290
003     ULIB
008    120321s2554||||th 000 0 tha d
020    ^a9786162440090
050  0 ^aBQ4190^bพ358ส
100 0  ^aพระมหาสมปอง ตาลปุตฺโต
245 10 ^aสุขจัง /^cพระมหาสมปอง ตาลปุตโต ; เรียบเรียงโดย ศราวุธ
250    ^aพิมพ์ครั้งที่ 1
260    ^aกรุงเทพฯ :^bโพสต์บุ๊กส์,^c2554
300    ^a143 หน้า :^bภาพประกอบ ;^c19 ซม.
500    ^aSend to Single Search
700 0  ^aศราวุธ เอี่ยมเซี่ยม,^eเรียบเรียง
945    ^p145^l0^i18954
995    ^aกัณชพร
999 ^a ใช้งานได้ทุกระบบ
รายการนี้ยังไม่มีแท็ก
คุณยังไม่ได้ล็อกอิน คุณสามารถมีกิจกรรมร่วมกับเว็บไซต์ได้ แต่ต้องล็อกอินก่อน ::
  ล็อกอิน

รายการสื่อสารสนเทศ

ลำดับที่ ประเภท เลขเรียก/บาร์โค้ด สถานที่ สถานะ
- ไม่พบข้อมูล -

รายการใกล้เคียง
    ผู้แต่ง [พระมหาสมปอง ตาลปุตฺโต]

BibComment


ยังไม่เคยถูกคอมเมนท์

คอมเมนท์ทรัพยากรรายการนี้
  คอมเมนท์: สุขจัง พระมหาสม..


 Copyright 2026. Bcnsprnw @Library